000 00660cam a2200229 4500500
005 20260329005808.0
041 _afre
042 _adc
100 1 0 _aLarmagnac-Matheron, Octave
_eauthor
245 0 0 _aQu’est-ce que l’“héritocratie” ?
260 _c2025.
500 _a81
690 _aArgent
690 _aFortune
690 _aHéritage
690 _aMérite
690 _aMéritocratie
690 _aRichesse
690 _aTransmission
786 0 _nPhilosophie magazine | 188 | 4 | 2025-04-01 | p. 4-4 | 1951-1787
856 4 1 _uhttps://shs.cairn.info/magazine-philosophie-magazine-2025-4-page-4?lang=fr&redirect-ssocas=7080
999 _c1846711
_d1846711